[Event "Hoogeveen Essent op"]
[Site "Hoogeveen"]
[Date "2005.10.27"]
[Round "7"]
[White "Nijboer, Friso"]
[Black "Baklan, Vladimir"]
[Result "1/2-1/2"]
[WhiteElo "2545"]
[BlackElo "2590"]
[PlyCount "31"]
[EventDate "2005.10.21"]
[EventType "swiss"]
[EventRounds "9"]
[EventCountry "NED"]
[Source "ChessBase"]
[SourceDate "2005.11.24"]

1. e4 e6 2. d4 d5 3. Nc3 dxe4 4. Nxe4 Nd7 5. Nf3 Ngf6 6. Nxf6+ Nxf6 7. c3 Be7
8. Bb5+ c6 9. Bd3 O-O 10. O-O c5 11. dxc5 Bxc5 12. Qc2 Qc7 13. Bg5 h6 14. Bxf6
gxf6 15. Rad1 Bd7 16. Qe2 1/2-1/

[Event "Hoogeveen Essent op"]
[Site "Hoogeveen"]
[Date "2005.10.27"]
[Round "7"]
[White "Naumkin, Igor"]
[Black "L'Ami, Erwin"]
[Result "1/2-1/2"]
[WhiteElo "2445"]
[BlackElo "2541"]
[PlyCount "81"]
[EventDate "2005.10.21"]
[EventType "swiss"]
[EventRounds "9"]
[EventCountry "NED"]
[Source "ChessBase"]
[SourceDate "2005.11.24"]

1. d4 d5 2. c4 c6 3. Nf3 Nf6 4. Nc3 e6 5. e3 Nbd7 6. Qc2 Bd6 7. Bd3 O-O 8. O-O
dxc4 9. Bxc4 a6 10. a4 c5 11. h3 Qc7 12. Bd3 b6 13. Ng5 h6 14. Nge4 cxd4 15.
Nxd6 Qxd6 16. exd4 Bb7 17. Rd1 Qc6 18. Bf1 Nd5 19. Qd3 N7f6 20. Nxd5 Qxd5 21.
Qg3 Kh8 22. Qe5 Nd7 23. Qg3 Nf6 24. Qe5 Kh7 25. Bd3+ Kg8 26. Bf1 Ne4 27. Be3
Rfc8 28. Rac1 Qb3 29. d5 Bxd5 30. Rd3 Qxa4 31. Rd4 Qb3 32. Rxc8+ Rxc8 33. Rxe4
Bxe4 34. Bd4 Kf8 35. Qxe4 Rc1 36. Qa8+ Ke7 37. Qb7+ Ke8 38. Qa8+ Kd7 39. Qb7+
Ke8 40. Qa8+ Kd7 41. Qb7+ 1/

[Event "Hoogeveen Essent op"]
[Site "Hoogeveen"]
[Date "2005.10.27"]
[Round "7"]
[White "Cebalo, Miso"]
[Black "Rozentalis, Eduardas"]
[Result "0-1"]
[WhiteElo "2512"]
[BlackElo "2585"]
[PlyCount "84"]
[EventDate "2005.10.21"]
[EventType "swiss"]
[EventRounds "9"]
[EventCountry "NED"]
[Source "ChessBase"]
[SourceDate "2005.11.24"]

1. d4 Nf6 2. c4 e6 3. Nc3 Bb4 4. f3 d5 5. a3 Bxc3+ 6. bxc3 c6 7. Qc2 Qa5 8.
cxd5 cxd5 9. Bd2 Nc6 10. e3 e5 11. Bd3 O-O 12. Ne2 Qc7 13. O-O Be6 14. Be1 h6
15. Bg3 Nh5 16. Bxe5 Nxe5 17. dxe5 Qxe5 18. Qd2 Nf6 19. Nd4 Rac8 20. a4 Bd7 21.
a5 Rc5 22. Rfb1 Qc7 23. Ra3 Rc8 24. Ne2 Ne8 25. Rb4 Nd6 26. Qa2 Bf5 27. Bxf5
Nxf5 28. Qb1 Nd6 29. Qd3 Nc4 30. Rab3 Nxa5 31. Rb1 Re8 32. Rd4 Nc6 33. Rxd5
Rxd5 34. Qxd5 Rxe3 35. Nd4 Rxc3 36. Re1 Nxd4 37. Re8+ Kh7 38. Qxd4 Qc5 39. Qxc5
Rxc5 40. Re7 Rb5 41. Rxf7 a5 42. Rf

[Event "Hoogeveen Essent op"]
[Site "Hoogoveen"]
[Date "2005.10.27"]
[Round "7"]
[White "Atalik, Suat"]
[Black "Van der Wiel, John"]
[Result "1/2-1/2"]
[WhiteElo "2620"]
[BlackElo "2503"]
[PlyCount "61"]
[EventDate "2005.10.21"]
[EventType "swiss"]
[EventRounds "9"]
[EventCountry "NED"]
[Source "ChessBase"]
[SourceDate "2005.11.24"]

1. d4 Nf6 2. c4 e6 3. Nc3 Bb4 4. Qc2 O-O 5. a3 Bxc3+ 6. Qxc3 d6 7. g3 Qe7 8.
Bg2 a5 9. b3 e5 10. dxe5 dxe5 11. Nf3 Nc6 12. O-O Rd8 13. Be3 Bg4 14. h3 Bxf3
15. Bxf3 Nd4 16. Rfe1 c6 17. b4 axb4 18. axb4 Rxa1 19. Rxa1 h6 20. Kh2 Qe6 21.
Ra5 Nxf3+ 22. exf3 e4 23. Bd4 exf3 24. Bxf6 Qxf6 25. Qxf6 gxf6 26. g4 Rd2 27.
Kg3 Rc2 28. Ra7 Rxc4 29. Rxb7 Kg7 30. b5 cxb5 31.

[Event "Hoogeveen Essent op"]
[Site "Hoogeveen"]
[Date "2005.10.27"]
[Round "7"]
[White "Spoelman, Wouter"]
[Black "Wells, Peter K"]
[Result "0-1"]
[WhiteElo "2362"]
[BlackElo "2513"]
[PlyCount "144"]
[EventDate "2005.10.21"]
[EventType "swiss"]
[EventRounds "9"]
[EventCountry "NED"]
[Source "ChessBase"]
[SourceDate "2005.11.14"]

1. e4 c5 2. Nf3 Nc6 3. d4 cxd4 4. Nxd4 Nf6 5. Nc3 d6 6. Bg5 e6 7. Qd2 Be7 8.
O-O-O O-O 9. f4 Nxd4 10. Qxd4 Qa5 11. Bc4 Bd7 12. e5 dxe5 13. fxe5 Bc6 14. Bd2
Nd7 15. Nd5 Qd8 16. Nxe7+ Qxe7 17. Rhe1 Rfd8 18. Qg4 Nf8 19. Bd3 Rd5 20. Bb4
Qd8 21. Qg3 Ng6 22. c4 Rd7 23. Bxg6 hxg6 24. Bd6 Qa5 25. Kb1 b5 26. c5 Qb4 27.
Ka1 a5 28. Re2 Qxc5 29. Red2 Qc4 30. Rd4 Qc2 31. R4d2 Qc4 32. Rd4 Qe2 33. R4d2
Qe4 34. Re1 Qf5 35. Rf2 Qh5 36. Rc1 Bd5 37. h4 b4 38. Qg5 f6 39. Qg3 f5 40. Qg5
Kf7 41. Rfc2 Rad8 42. b3 Kg8 43. Rf2 Ra8 44. Rfc2 a4 45. Rc8+ Rxc8 46. Rxc8+
Kh7 47. Qxh5+ gxh5 48. g3 axb3 49. axb3 Ra7+ 50. Kb2 Ra3 51. Rc3 bxc3+ 52. Kxa3
g5 53. hxg5 Kg6 54. Be7 c2 55. Kb2 Bxb3 56. Kc1 Ba4 57. Kd2 f4 58. gxf4 h4 59.
Bc5 Kf5 60. Bg1 Kxf4 61. g6 Be8 62. g7 Bf7 63. Bh2+ Kf3 64. Kxc2 h3 65. Kd3 Kg2
66. Bf4 h2 67. Bxh2 Kxh2 68. Kd4 Kg3 69. Kc5 Kf4 70. Kd6 Bg8 71. Ke7 Kxe5 7

[Event "Hoogeveen Essent op"]
[Site "Hoogeveen"]
[Date "2005.10.27"]
[Round "7"]
[White "Goloshchapov, Alexander"]
[Black "Michielsen, Joost"]
[Result "1-0"]
[WhiteElo "2523"]
[BlackElo "2362"]
[PlyCount "75"]
[EventDate "2005.10.21"]
[EventType "swiss"]
[EventRounds "9"]
[EventCountry "NED"]
[Source "ChessBase"]
[SourceDate "2005.11.24"]

1. e4 c5 2. Nf3 e6 3. d4 cxd4 4. Nxd4 Nc6 5. Nc3 d6 6. Be3 Nf6 7. Qd2 Be7 8. f3
O-O 9. O-O-O d5 10. exd5 Nxd5 11. Nxd5 Qxd5 12. Nxc6 Qxc6 13. Bd3 Rd8 14. Kb1
Qc7 15. h4 e5 16. Qe2 Be6 17. Bg5 Rd4 18. Rhe1 f6 19. Bc1 Rad8 20. g4 Qa5 21.
b3 Bb4 22. Rg1 Bc3 23. Bb2 Rc8 24. Bxc3 Rxc3 25. Bxh7+ Kxh7 26. Rxd4 exd4 27.
Qxe6 Qe5 28. Qxe5 fxe5 29. Re1 Rxf3 30. Rxe5 d3 31. cxd3 Rxd3 32. Re7 Rd4 33.
Rxb7 Rxg4 34. Rxa7 Rxh4 35. a4 Kh6 36. a5 g5 37. a6 Rb4

[Event "Hoogeveen Essent op"]
[Site "Hoogeveen"]
[Date "2005.10.27"]
[Round "7"]
[White "Kharitonov, Alexandr"]
[Black "Brodsky, Michail"]
[Result "1/2-1/2"]
[WhiteElo "2545"]
[BlackElo "2564"]
[PlyCount "41"]
[EventDate "2005.10.21"]
[EventType "swiss"]
[EventRounds "9"]
[EventCountry "NED"]
[Source "ChessBase"]
[SourceDate "2005.11.24"]

1. d4 Nf6 2. c4 e6 3. Nc3 Bb4 4. Qc2 O-O 5. a3 Bxc3+ 6. Qxc3 b6 7. Bg5 Bb7 8.
f3 h6 9. Bh4 d5 10. e3 Nbd7 11. cxd5 Nxd5 12. Bxd8 Nxc3 13. Bh4 Nd5 14. Bf2 c5
15. e4 Nf4 16. Be3 Ng6 17. Rd1 cxd4 18. Bxd4 Rfd8 19. Nh3 Nde5 20. Be2 Nc6 21.
B

[Event "Hoogeveen Essent op"]
[Site "Hoogeveen"]
[Date "2005.10.28"]
[Round "8"]
[White "L'Ami, Erwin"]
[Black "Tate, Emory"]
[Result "1-0"]
[WhiteElo "2541"]
[BlackElo "2371"]
[PlyCount "123"]
[EventDate "2005.10.21"]
[EventType "swiss"]
[EventRounds "9"]
[EventCountry "NED"]
[Source "ChessBase"]
[SourceDate "2005.11.24"]

1. e4 g6 2. d4 c6 3. Nc3 d5 4. e5 h5 5. f4 Nh6 6. Bd3 Qb6 7. Nce2 Bf5 8. Nf3 e6
9. O-O c5 10. c3 Nc6 11. Kh1 Bxd3 12. Qxd3 c4 13. Qb1 Qa6 14. Be3 Nf5 15. Bf2
h4 16. h3 Be7 17. Neg1 Kf8 18. Nh2 b5 19. Ngf3 b4 20. Ng4 bxc3 21. bxc3 Kg7 22.
Qe1 Qa3 23. Rb1 Qxa2 24. Nf6 Qc2 25. Bxh4 Nxh4 26. Nxh4 Bxf6 27. exf6+ Kxf6 28.
Rc1 Qe4 29. Qf2 Rab8 30. Rfe1 Qd3 31. Red1 Qe4 32. Re1 Qd3 33. Red1 Qe4 34. Rc2
Kg7 35. Re2 Qxe2 36. Qxe2 Rxh4 37. Rf1 Rb3 38. Rf3 a5 39. g4 Rb1+ 40. Kh2 a4
41. f5 gxf5 42. gxf5 a3 43. Qg2+ Kf8 44. Rf2 Re1 45. f6 Re3 46. Qg7+ Ke8 47.
Qg8+ Kd7 48. Qxf7+ Kc8 49. Qg8+ Nd8 50. Qg2 Rxc3 51. f7 Rcxh3+ 52. Qxh3 Rxh3+
53. Kxh3 Nxf7 54. Rxf7 e5 55. dxe5 c3 56. Kg3 a2 57. Rf1 Kd7 58. Kf3 Ke6 59.
Ke3 Kxe5 60.

[Event "Hoogeveen Essent op"]
[Site "Hoogeveen"]
[Date "2005.10.28"]
[Round "8"]
[White "Brodsky, Michail"]
[Black "Nijboer, Friso"]
[Result "1/2-1/2"]
[WhiteElo "2564"]
[BlackElo "2545"]
[PlyCount "72"]
[EventDate "2005.10.21"]
[EventType "swiss"]
[EventRounds "9"]
[EventCountry "NED"]
[Source "ChessBase"]
[SourceDate "2005.11.24"]

1. d4 Nf6 2. c4 g6 3. Nc3 Bg7 4. e4 d6 5. Be2 O-O 6. Nf3 e5 7. Be3 Ng4 8. Bg5
f6 9. Bh4 g5 10. Bg3 Nh6 11. d5 Nd7 12. Nd2 f5 13. exf5 Nf6 14. Nde4 Nxe4 15.
Nxe4 Bxf5 16. Bd3 g4 17. Qe2 Qe8 18. O-O-O Qe7 19. h3 gxh3 20. gxh3 a6 21. Kb1
Kh8 22. f3 b5 23. h4 bxc4 24. Bxc4 a5 25. Ka1 Bd7 26. Bf2 Nf5 27. Rc1 a4 28.
Bd3 a3 29. Rxc7 axb2+ 30. Qxb2 Rfb8 31. Rb7 Qd8 32. Rc1 Rxb7 33. Qxb7 Rb8 34.
Qc7 Qe8 35.

[Event "Hoogeveen Essent op"]
[Site "Hoogeveen"]
[Date "2005.10.28"]
[Round "8"]
[White "Hoeksema, Hendrik Pieter"]
[Black "Ernst, Sipke"]
[Result "0-1"]
[WhiteElo "2401"]
[BlackElo "2473"]
[PlyCount "121"]
[EventDate "2005.10.21"]
[EventType "swiss"]
[EventRounds "9"]
[EventCountry "NED"]
[Source "ChessBase"]
[SourceDate "2005.11.24"]

1. d4 d5 2. c4 c6 3. Nf3 Nf6 4. Nc3 a6 5. a4 e6 6. Bg5 Nbd7 7. e3 Qa5 8. cxd5
Nxd5 9. Qb3 Bb4 10. Rc1 c5 11. Bd3 h6 12. Bh4 cxd4 13. exd4 Nf4 14. Bf1 Nb6 15.
Bg3 Nfd5 16. Bc4 Qxa4 17. O-O Qxb3 18. Bxb3 O-O 19. Ne5 Rd8 20. Nd3 Be7 21. Nc5
h5 22. h4 Nxc3 23. bxc3 Nd7 24. Ne4 Nf6 25. Nxf6+ Bxf6 26. Bd1 g6 27. Bf3 a5
28. Ra1 Rd7 29. Rfb1 Bd8 30. Ra4 Kf8 31. Kf1 Ke7 32. Ke1 Bc7 33. Rb5 Ra6 34.
Rc5 Kd8 35. Rac4 b5 36. Rxb5 Bxg3 37. fxg3 a4 38. Rb2 e5 39. dxe5 a3 40. Ra2
Ra5 41. Re4 Rda7 42. Rd4+ Ke7 43. Bd5 Rb5 44. Rdd2 Bf5 45. c4 Rb3 46. Kf2 Rc3
47. Ra1 Ra5 48. Raa2 Ra6 49. Re2 Rb6 50. Red2 Be6 51. Kg1 Rb1+ 52. Kf2 Rbb3 53.
Re2 Bf5 54. Red2 Bd3 55. c5 Bc4 56. Bxc4 Rxc4 57. Rd6 Rc1 58. Rb6 Rd3 59. Ra6
Rc

[Event "Hoogeveen Essent op"]
[Site "Hoogeveen"]
[Date "2005.10.28"]
[Round "8"]
[White "Kolev, Atanas"]
[Black "Goloshchapov, Alexander"]
[Result "0-1"]
[WhiteElo "2559"]
[BlackElo "2523"]
[PlyCount "56"]
[EventDate "2005.10.21"]
[EventType "swiss"]
[EventRounds "9"]
[EventCountry "NED"]
[Source "ChessBase"]
[SourceDate "2005.11.24"]

1. e4 c5 2. Nf3 Nc6 3. d4 cxd4 4. Nxd4 Nf6 5. Nc3 d6 6. Bg5 e6 7. Qd2 Qb6 8.
Bxf6 gxf6 9. Nb3 a6 10. O-O-O Bd7 11. f4 O-O-O 12. Be2 Rg8 13. Bh5 Rg7 14. Rhf1
Na5 15. Qe2 Kb8 16. Kb1 Rc8 17. Rf3 Be7 18. g3 Nc4 19. Rd4 Bb5 20. Qd1 f5 21.
exf5 Bf6 22. Re4 d5 23. Re1 Na3+ 24. Ka1 d4 25. bxa3 d3 26. Re5 Rxc3 27.

[Event "Hoogeveen Essent op"]
[Site "Hoogeveen"]
[Date "2005.10.28"]
[Round "8"]
[White "Van der Wiel, John"]
[Black "Rogers, Ian"]
[Result "1/2-1/2"]
[WhiteElo "2503"]
[BlackElo "2556"]
[PlyCount "32"]
[EventDate "2005.10.21"]
[EventType "swiss"]
[EventRounds "9"]
[EventCountry "NED"]
[Source "ChessBase"]
[SourceDate "2005.11.24"]

1. e4 c5 2. Nf3 Nc6 3. d4 cxd4 4. Nxd4 a6 5. Nxc6 bxc6 6. Nc3 e5 7. Qh5 d6 8.
Bc4 Ra7 9. Be3 Rd7 10. Be6 Rb7 11. Bxc8 Qxc8 12. O-O-O Nf6 13. Qe2 Rb8 14. Bg5
Nd

[Event "Hoogeveen Essent op"]
[Site "Hoogeveen"]
[Date "2005.10.28"]
[Round "8"]
[White "Wells, Peter K"]
[Black "Naumkin, Igor"]
[Result "1/2-1/2"]
[WhiteElo "2513"]
[BlackElo "2445"]
[PlyCount "114"]
[EventDate "2005.10.21"]
[EventType "swiss"]
[EventRounds "9"]
[EventCountry "NED"]
[Source "ChessBase"]
[SourceDate "2005.11.24"]

1. d4 e6 2. c4 f5 3. g3 Nf6 4. Bg2 Bb4+ 5. Nd2 O-O 6. Ngf3 d6 7. O-O Bxd2 8.
Qxd2 a5 9. b3 Qe8 10. Bb2 b5 11. Ng5 Ra7 12. e4 h6 13. e5 hxg5 14. exf6 gxf6
15. Rae1 c6 16. f4 g4 17. Rf2 b4 18. Rfe2 Na6 19. d5 cxd5 20. Qxd5 Qd8 21. Rxe6
Bxe6 22. Qxe6+ Raf7 23. Qxf5 Qb6+ 24. Kf1 Nc7 25. Qxg4+ Rg7 26. Qf5 Qc5 27. Be4
Qxf5 28. Bxf5 Kf7 29. Bd4 Rb8 30. g4 Rgg8 31. h4 Rge8 32. Rd1 Ne6 33. Be3 Ng7
34. Kf2 Nxf5 35. gxf5 Rh8 36. Rxd6 Rxh4 37. Rd7+ Ke8 38. Rg7 Kf8 39. Rg6 Kf7
40. Kg3 Rh5 41. Kg4 Rh2 42. Kf3 Rxa2 43. Bd4 Ra3 44. Rxf6+ Ke8 45. Rh6 Rxb3+
46. Ke4 Rd8 47. c5 Rb1 48. Rh8+ Kd7 49. c6+ Kc8 50. Rxd8+ Kxd8 51. f6 Rc1 52.
Kd5 b3 53. f7 Ke7 54. Bc5+ Kxf7 55. c7 Rd1+ 5

[Event "Hoogeveen Essent op"]
[Site "Hoogoveen"]
[Date "2005.10.28"]
[Round "8"]
[White "Kharitonov, Andrei Y"]
[Black "Atalik, Suat"]
[Result "1/2-1/2"]
[WhiteElo "2545"]
[BlackElo "2620"]
[PlyCount "88"]
[EventDate "2005.10.21"]
[EventType "swiss"]
[EventRounds "9"]
[EventCountry "NED"]
[Source "ChessBase"]
[SourceDate "2005.11.24"]

1. d4 Nf6 2. c4 g6 3. g3 c5 4. Nf3 Bg7 5. Bg2 cxd4 6. Nxd4 O-O 7. O-O d5 8.
cxd5 Nxd5 9. Nb5 a6 10. N1c3 Nxc3 11. Nxc3 Nc6 12. Be3 Qxd1 13. Rfxd1 Bxc3 14.
bxc3 Bg4 15. Kf1 Rfd8 16. Rdb1 Rd7 17. Rxb7 Rxb7 18. Bxc6 Rab8 19. Bxb7 Rxb7
20. c4 Rb2 21. f3 Be6 22. Rc1 Rxa2 23. c5 Ra4 24. c6 Rc4 25. Rxc4 Bxc4 26. c7
Be6 27. Ke1 Kf8 28. Kd2 Ke8 29. Kc3 Kd7 30. Bc5 Kxc7 31. Bxe7 Bh3 32. Kd4 a5
33. e4 Bg2 34. f4 Kc6 35. h4 h5 36. e5 Kd7 37. Ba3 Ke6 38. Bc5 Kf5 39. Ke3 Kg4
40. Kf2 Bd5 41. Ba3 Kf5 42. Ke3 Kg4 43.

[Event "Hoogeveen Essent op"]
[Site "Hoogeveen"]
[Date "2005.10.28"]
[Round "8"]
[White "Rozentalis, Eduardas"]
[Black "Baklan, Vladimir"]
[Result "1/2-1/2"]
[WhiteElo "2585"]
[BlackElo "2590"]
[PlyCount "36"]
[EventDate "2005.10.21"]
[EventType "swiss"]
[EventRounds "9"]
[EventCountry "NED"]
[Source "ChessBase"]
[SourceDate "2005.11.24"]

1. e4 c5 2. c3 Nf6 3. e5 Nd5 4. Nf3 Nc6 5. Bc4 Nb6 6. Bb3 d5 7. exd6 Qxd6 8.
O-O Be6 9. Qe2 Bxb3 10. axb3 Rd8 11. Qb5 Rd7 12. Na3 e6 13. Nc4 Nxc4 14. bxc4
a6 15. Qa4 Qd3 16. Ne1 Qe2 17

[Event "Hoogeveen Essent op"]
[Site "Hoogeveen"]
[Date "2005.10.29"]
[Round "9"]
[White "Willemze, Thomas"]
[Black "L'Ami, Erwin"]
[Result "0-1"]
[WhiteElo "2363"]
[BlackElo "2541"]
[PlyCount "77"]
[EventDate "2005.10.21"]
[EventType "swiss"]
[EventRounds "9"]
[EventCountry "NED"]
[Source "ChessBase"]
[SourceDate "2005.11.24"]

1. e4 e6 2. d4 d5 3. Nc3 Bb4 4. e5 c5 5. a3 Bxc3+ 6. bxc3 Ne7 7. Qg4 O-O 8. Bd3
Qa5 9. Ne2 Nbc6 10. Bg5 Ng6 11. O-O Qa4 12. f3 c4 13. Bxg6 fxg6 14. Rfc1 Bd7
15. h4 Rf7 16. Kf2 Raf8 17. Ke1 h6 18. Be3 Kh7 19. Nf4 Ne7 20. Kd2 Rf5 21. Qg3
Qc6 22. Qh2 Qc8 23. Rf1 Ba4 24. g4 R5f7 25. h5 g5 26. Ng6 Nxg6 27. hxg6+ Kxg6
28. Bxg5 Rxf3 29. Bf6 Rxf1 30. Rxf1 Qe8 31. Rh1 Rh8 32. Qh4 Kh7 33. g5 Qg6 34.
Ke3 Bxc2 35. Bxg7 Kxg7 36. g

[Event "Hoogeveen Essent op"]
[Site "Hoogeveen"]
[Date "2005.10.29"]
[Round "9"]
[White "Goloshchapov, Alexander"]
[Black "Brodsky, Michail"]
[Result "1/2-1/2"]
[WhiteElo "2523"]
[BlackElo "2564"]
[PlyCount "90"]
[EventDate "2005.10.21"]
[EventType "swiss"]
[EventRounds "9"]
[EventCountry "NED"]
[Source "ChessBase"]
[SourceDate "2005.11.24"]

1. e4 c5 2. Nf3 d6 3. d4 cxd4 4. Nxd4 Nf6 5. Nc3 Nc6 6. Bg5 e6 7. Qd2 Be7 8.
O-O-O Qb6 9. Nb3 O-O 10. g4 Nxg4 11. Rg1 Nge5 12. Rg3 Bxg5 13. Qxg5 Ng6 14. Qe3
Qxe3+ 15. Rxe3 Rd8 16. Nb5 Kf8 17. Nxd6 Ke7 18. Red3 Nge5 19. Nxc8+ Raxc8 20.
Rg3 Nb4 21. c3 Nxa2+ 22. Kc2 Nb4+ 23. Kc1 Rxd1+ 24. Kxd1 Rd8+ 25. Ke2 Nbd3 26.
Rxg7 h5 27. Nd4 Nf4+ 28. Ke3 Nfg6 29. h3 Nd7 30. Be2 Rh8 31. Nxe6 Kxe6 32. Bc4+
Ke7 33. Rxf7+ Kd8 34. f4 Rf8 35. e5 Nb6 36. Bb3 Rxf7 37. Bxf7 Ne7 38. Bxh5 Nc4+
39. Ke4 Nxb2 40. f5 Na4 41. f6 Nxc3+ 42. Kd4 Nc6+ 43. K

[Event "Hoogeveen Essent op"]
[Site "Hoogeveen"]
[Date "2005.10.29"]
[Round "9"]
[White "Souleidis, Georgios"]
[Black "Wells, Peter K"]
[Result "0-1"]
[WhiteElo "2421"]
[BlackElo "2513"]
[PlyCount "70"]
[EventDate "2005.10.21"]
[EventType "swiss"]
[EventRounds "9"]
[EventCountry "NED"]
[Source "ChessBase"]
[SourceDate "2005.11.24"]

1. e4 c5 2. Nf3 Nc6 3. Bb5 g6 4. Bxc6 dxc6 5. d3 Bg7 6. h3 Nf6 7. Nc3 O-O 8.
Be3 b6 9. Qd2 e5 10. Bh6 Qd6 11. O-O-O a5 12. Nh2 a4 13. Ng4 Nh5 14. Bxg7 Kxg7
15. Qh6+ Kg8 16. Ne2 f6 17. g3 Be6 18. Kb1 b5 19. f4 a3 20. b3 exf4 21. gxf4 f5
22. Ne5 Ra7 23. Rhg1 Rg7 24. Kc1 Bc8 25. Nf3 fxe4 26. dxe4 Qe7 27. Ng5 c4 28.
f5 cxb3 29. cxb3 Bxf5 30. exf5 Qxe2 31. Rd2 Qe5 32. f

[Event "Hoogeveen Essent op"]
[Site "Hoogoveen"]
[Date "2005.10.29"]
[Round "9"]
[White "Ernst, Sipke"]
[Black "Atalik, Suat"]
[Result "1/2-1/2"]
[WhiteElo "2473"]
[BlackElo "2620"]
[PlyCount "76"]
[EventDate "2005.10.21"]
[EventType "swiss"]
[EventRounds "9"]
[EventCountry "NED"]
[Source "ChessBase"]
[SourceDate "2005.11.24"]

1. d4 d5 2. c4 c6 3. Nf3 Nf6 4. e3 g6 5. Nc3 Bg7 6. Bd3 O-O 7. h3 c5 8. O-O Na6
9. a3 cxd4 10. exd4 dxc4 11. Bxc4 Nc7 12. Qb3 Nce8 13. Bf4 Nd6 14. d5 Nxc4 15.
Qxc4 e6 16. d6 Bd7 17. Ne5 Rc8 18. Qb3 Bc6 19. Rfd1 Nd5 20. Nxd5 Bxd5 21. Rxd5
exd5 22. Qxd5 Qf6 23. d7 Qxf4 24. dxc8=Q Rxc8 25. Nd3 Qd2 26. Re1 Bf6 27. Qf3
Kg7 28. Rd1 Qc2 29. Rc1 Qxc1+ 30. Nxc1 Rxc1+ 31. Kh2 Bxb2 32. Qxb7 Bxa3 33.
Qxa7 Bd6+ 34. g3 Bc5 35. Qc7 Rc2 36

[Event "Hoogeveen Essent op"]
[Site "Hoogeveen"]
[Date "2005.10.29"]
[Round "9"]
[White "Cebalo, Miso"]
[Black "Van der Wiel, John"]
[Result "1/2-1/2"]
[WhiteElo "2512"]
[BlackElo "2503"]
[PlyCount "64"]
[EventDate "2005.10.21"]
[EventType "swiss"]
[EventRounds "9"]
[EventCountry "NED"]
[Source "ChessBase"]
[SourceDate "2005.11.24"]

1. d4 Nf6 2. c4 e6 3. Nf3 b6 4. a3 Bb7 5. Nc3 d5 6. Bg5 Be7 7. Qa4+ Qd7 8. Qc2
dxc4 9. e3 Bxf3 10. gxf3 Nd5 11. Bxe7 Qxe7 12. Bxc4 Nxc3 13. Qxc3 O-O 14. Rc1
Nd7 15. Bb5 c5 16. Bxd7 Qxd7 17. dxc5 bxc5 18. Rg1 g6 19. Rg4 Rab8 20. Rc4 Qb7
21. Qf6 Qxb2 22. Qxb2 Rxb2 23. Rxc5 Ra2 24. R5c3 Rb8 25. Rc8+ Rxc8 26. Rxc8+
Kg7 27. Rc3 g5 28. Kf1 Kf